Statistics for Find the Spelling #6

Click here to take the quiz!

General Stats

  • This quiz has been taken 39 times
  • The average score is 4 of 5

Answer Stats

QuestionAnswer% Correct
Which is correct?Aggressive
94%
Which is correct?Conscience
94%
Which is correct?Existence
88%
Which is correct?Handkerchief
85%
Which is correct?Harass
39%

Score Distribution

Percentile by Number Answered

Percent of People with Each Score

Your Score History

You have not taken this quiz